Członkowie rodziny królewskiej z UK. | #3 - Statystyki

Ogólne statystyki
  • Ten quiz został rozwiązany 15 razy
  • Średni wynik to 4 z 7
Statystyki odpowiedzi
Obrazkowy Odpowiedź % Poprawnych
Meghan Markle
91%
Księżniczka Beatrycze z Yorku
73%
Księżniczka Eugenia z Yorku
64%
Księżniczka Lilibet
64%
Książę Archie
45%
August Brooksbank
18%
Sienna Elizabeth Mapelli-Mozzi
9%
Nie znaleziono quizów pasujących do podanych kryteriów
Rozkład punktacji
Procent ludzi z każdym wynikiem
Percentyl według liczby udzielonych odpowiedzi
Twoja historia wyników
Nie rozwiązałeś tego quizu